Statistics for Mediterranean Geography by Letter - D

Click here to take the quiz!

General Stats

  • This quiz has been taken 526 times
  • The average score is 4 of 15

Answer Stats

HintAnswer% Correct
Historic Croatian province?Dalmatia
77%
Strait formerly known as the Hellespont?Dardanelles
61%
City which in antiquity was famed for its oracle?Delphi
61%
Ancient leader of Persia who built a canal linking the Mediterranean to the Red sea?Darius I
53%
Prosperous maritime republic that was the only city-state to rival Venice?Dubrovnik
35%
Mountain range that connects the Alps to the answer for the above?Dolomite Mountains
30%
The battle that marked the apex of Ottoman naval domination? (Or Tunisia's largest island)Djerba
22%
Major Albanian city?Durrës
22%
Bare island where the Greek deities Apollo and Artemis were born?Delos
20%
Mountain range that spans most of the length of the Balkans?Dinaric Alps
16%
Byzantine monastary near Athens that was declared a world heritage site in 1990?Daphni Monastery
4%
Term for Alexander the Great's successors?Diadochi
3%
Large Libyan city (Captured by the US in the 2nd Barbary war. As of now, it is in control of ISIS) ?Derna
3%
Treaty between Rome and Pontus ending the first Mithridatic war?Dardanos
1%
Crusader state established in Greece after the Fourth Crusade?Duchy of Neopatria
0%

Score Distribution

Percentile by Number Answered

Percent of People with Each Score

Your Score History

You have not taken this quiz